000
00302nam a22001217a 4500
008
170923b xxu||||| |||| 00| 0 eng d
041
_a
eng
080
_a
37
100
_a
46
101
_a
EDU
245
_a
SECURING SUPPORT FOR HIGHER EDUCATION: A BIBLIOGRAPHICAL HANDBOOK
_c
PRIDE, C
942
_2
udc
_c
BK
999
_c
29465
_d
29465